LEADER 01464nam a2200313 u 4500 001 000000080499 003 CaOOAMICUS 005 20070226123644.0 008 041210s2002 gau u000 u eng u 020 $a1589830350 035 $a11018526 040 $aPUL$bita 245 00$aBeyond Babel :$ba handbook for biblical hebrew and related languages /$cedited by John Kaltner and Steven L. McKenzie. 260 $aAtlanta :$bSociety of Biblical Literature,$cc2002. 300 $axiii, 241 p. ;$c22 cm 490 1 $aResources for biblical study ;$v42 504 $aBibliografia in nota. 630 04$aBiblia.$pV.T.$0(OLS)http://pul/subject/1661 650 4$aFilologia semitica.$0(OLS)http://pul/subject/15201 651 4$aMedio Oriente$xLinguaggi.$0(OLS)http://pul/subject/27918 700 1 $aMcKenzie, Steven L.$0(OLS)http://pul/name/53651 700 1 $aKaltner, John.$0(OLS)http://pul/name/53650 830 0$aResources for biblical study (Society of Biblical Literature) ;$v42.$0(OLS)http://pul/title/31791 850 $aPUL 852 $aPUL$W1$xSL Religione 1$y3$m5 P 2.42$j102844$nBK-PRI$qStampati$B102844$CPULBib$Z2$F102844 $HPUL96570 $82 941 1 $a8 996 $6020$a1589830350$9(OLS)http://pul/number/106512 996 $6245$aBeyond Babel :$ba handbook for biblical hebrew and related languages$9(OLS)http://pul/title/105425 996 $6260$aAtlanta :$bSociety of Biblical Literature$9(OLS)http://pul/publisher/68936 LEADER 01473nam a2200289 a 4500 001 000000137789 003 CaOOAMICUS 005 20140314122211.0 008 140314s2013 vc u000 ubita r 020 $a978-88-209-9175-3 040 $aPUL$bita 082 04$a261.52 100 1 $aScelzo, Angelo,$d1946-$0(OLS)http://pul/name/88879 245 13$aLa penna di Pietro :$bstoria (e cronaca) della comunicazione vaticana dal Concilio a papa Francesco, mezzo secolo dall'Inter Mirifica al web /$cAngelo Scelzo. 260 $aCittą del Vaticano :$bLibreria editrice vaticana,$c©2013. 300 $aXIX, 289 p. ;$c23 cm 611 24$aConcilium Vaticanum$n(2 :$d1962-1965)$tInter mirifica.$0(OLS)http://pul/subject/39313 650 4$aChiesa e societą$ySec. XX.$0(OLS)http://pul/subject/39567 650 4$aChiesa e mass media.$0(OLS)http://pul/subject/40351 850 $aPUL 852 $aPUL$W1$xSL Religione 3$y85$m261. 52 SCEAN 1$j158832$qDDC 21$B158355$CPULBib$Z2$F158355 $H123707 $82 941 1 $a9 996 $6020$a978-88-209-9175-3$9(OLS)http://pul/number/154850 996 $6082$a261.52$9(OLS)http://pul/classification/2022 996 $6245$aLa penna di Pietro :$bstoria (e cronaca) della comunicazione vaticana dal Concilio a papa Francesco, mezzo secolo dall'Inter Mirifica al web$9(OLS)http://pul/title/174479 996 $6260$aCittą del Vaticano :$bLibreria editrice vaticana$9(OLS)http://pul/publisher/47920